000 00481nam a2200169Ia 4500
999 _c12652
_d12652
003 OSt
005 20201014145820.0
008 190216s9999||||xx |||||||||||||| ||und||
040 _coclc
082 _a891.209
_bTHA/I
100 _aThanveer, A M
_95066
245 0 _aIndian Literature /
_cA M Thanveer
260 _bSahitya Bhawan,
_c1978.
_aNew delhi :
300 _a134p
650 _aIndian Literature
942 _cBK
_2ddc
_h891.209
_iTHA/I
_k891.209
_mTHA/I